Banderas de Movimientos Independentistas - Estadísticas

Estadísticas generales
  • Esta prueba ha sido intentada 49 veces
  • La puntuación promedio es 26 de 52
Estadísticas de respuestas
Imagen Hint Respuesta % Correcto
Reino Unido Escocia
95%
Estados Unidos Puerto Rico
92%
España y Francia Cataluña
89%
Reino Unido Gales
89%
Francia y España País Vasco
89%
Reino Unido Isla de Man
84%
Dinamarca Groenlandia
81%
China Hong Kong
78%
Dinamarca Islas Feroe
78%
Estados Unidos Guam
76%
Moldavia Transnistria
76%
Bélgica Flandes
70%
China Tibet
70%
Canadá Quebec
68%
Italia Sicilia
68%
Francia Córcega
65%
Ucrania / Rusia Crimea
65%
Francia Nueva Caledonia
65%
Francia Guayana Francesa
62%
Iran, Irak, Turquia, entre otros Kurdistán
62%
Francia Reunión
59%
Estados Unidos Hawái
57%
Chile Isla de Pascua
57%
Francia Bretaña
54%
Nueva Zelanda Isla Norfolk
54%
Países Bajos Curazao
51%
Francia Guadalupe
49%
Nueva Zelanda Tokelau
46%
Ucrania Donetsk
41%
Bélgica Valonia
41%
Italia Véneto
41%
Rusia Chechenia
38%
Marruecos y Argelia Bereberes / Amazigh
35%
Noruega, Suecia y Finlandia Pueblo Sami
35%
Bosnia y Herzegovina República Srpska
35%
Marruecos Rif
35%
China Mongolia Interior
32%
Nueva Zelanda Niue
32%
Ucrania Luhansk
30%
Países Bajos y Alemania Frisia
27%
Indonesia Papúa Occidental
27%
China Uiguristán
27%
Reino Unido Cornualles
24%
Etiopía Tigré
22%
Papúa Nueva Guinea Bougainville
19%
Sudáfrica Cabo Occidental
19%
Camerún Ambazonia
16%
Pakistán Baluchistán
16%
Guinea Ecuatorial Annobón
8%
Uzbekistán Karakalpakistán
8%
Micronesia Chuuk
5%
Birmania Pueblo Chin
3%
No se encontraron pruebas coincidentes
Distribución de puntuación
Porcentaje de gente con cada puntuación
Porcentaje por número respondido
Historial de tus puntuaciones
No has intentado esta prueba.